Los Nuevos Movimientos Político-religiosos en el Perú / (Record no. 22830)

000 -CABECERA
fixed length control field 01065nam a22002417i 4500
003 - IDENTIFICADOR DEL NÚMERO DE CONTROL
control field AR-CdUCM
008 - DATOS DE LONGITUD FIJA--INFORMACIÓN GENERAL
fixed length control field 240417b20232023pe ||||| |||| 00| 0 spa d
020 ## - NÚMERO INTERNACIONAL ESTÁNDAR DEL LIBRO
ISBN 978-612-48533-0-2
040 ## - FUENTE DE LA CATALOGACIÓN
Agencia/entidad que catalogó originalmente la obra MUNICIPALIDAD PROVINCIAL DEL CUSCO
Entidad que transcribió la catalogación BIBLIOTECA MUNICIPAL DEL CUSCO
082 ## - NÚMERO DE LA CLASIFICACIÓN DECIMAL DEWEY
No. de Clasificación 322.10985 / A52
Notacion interna A52
100 ## - ENTRADA PRINCIPAL--NOMBRE DE PERSONA
Nombre Personal Amat y León, Oscar
245 ## - MENCIÓN DE TÍTULO
Título Los Nuevos Movimientos Político-religiosos en el Perú /
260 ## - PUBLICACIÓN, DISTRIBUCIÓN, ETC.
Lugar de publicación, distribución, etc. Lima :
Nombre de la editorial, distribuidor, etc. CIERP Centro de Investigación en religión,
Fecha de publicación, distribución, etc. 2023
300 ## - DESCRIPCIÓN FÍSICA
Nº de Páginas Extensión 79 páginas. :
Dimensiones 29 cm.
500 ## - NOTA GENERAL
Bibliografía Bibliografía: 72 páginas,
505 ## - NOTA DE CONTENIDO CON FORMATO
Nota de contenido formateada Iglesias, nuevos movimientos religiosos y los grupos anti-derechos -- Sobre el desarrollo del protestantismo en América Latina -- Nuevos Movimientos Religiosos: una conceptualización -- Ocupación de espacios políticos públicos
650 ## - PUNTO DE ACCESO ADICIONAL DE MATERIA--TÉRMINO DE MATERIA
Descriptor Movimientos políticos-Religiosos
9 (RLIN) 49560
650 ## - PUNTO DE ACCESO ADICIONAL DE MATERIA--TÉRMINO DE MATERIA
Descriptor Los evangélicos conservadores
9 (RLIN) 49561
650 ## - PUNTO DE ACCESO ADICIONAL DE MATERIA--TÉRMINO DE MATERIA
Descriptor La disputa entre evangélicos y católicos
9 (RLIN) 49562
942 ## - ELEMENTOS DE PUNTO DE ACCESO ADICIONAL (KOHA)
Fuente de clasificación
Tipo de item Libros-BMC
945 ## - PROCESAMIENTO DE INFORMACIÓN LOCAL (OCLC)
Catalogador pbj
AAAA-MM-DD - Fecha de ingreso o modificacion 17-04-2024
Holdings
Estado de retiro (separado) Fuente de clasificación o esquema de estanterías Estado dañado Ubicación Sala donde se ubica Nombre de la colección Fecha de adquisición o compra Fuente de adquisición Costo, precio normal en soles Signatura topográfica Código de Barras Última vez visto (Koha) Tipo de ítem (Koha)
No     Sala Humanidades Sala Humanidades Book Cart 2024-04-17 Donación 10.00 322.10985 / A52 SH0000016658 2024-04-17 Libros-BMC

Powered by Koha